01359nam a2200337 a 4500001001200000003000800012006001900020007001500039008004100054010001700095020004200112020003900154040002100193035002100214050002400235082001800259100005000277245012400327260005400451300001600505504005100521533015200572650003700724650002500761650002200786650002400808655002900832710001700861856012600878999001701004ebr10372613CaPaEBRm u cr cn|||||||||090413s2009 ne sb 001 0 eng  z 2009015551 z9789004174153 (hardback : alk. paper) z900417415X (hardback : alk. paper) aCaPaEBRcCaPaEBR a(OCoLC)59329585714aK3240b.N373 2009eb04a342.08/522221 aNathan, Clemens N.q(Clemens Neumann),d1933-14aThe changing face of religion and human rightsh[electronic resource] :ba personal reflection /cby Clemens N. Nathan. aLeiden ;aBoston :bM. Nijhoff Publishers,c2009. axiv, 232 p. aIncludes bibliographical references and index. aElectronic reproduction.bPalo Alto, Calif. :cebrary,d2013.nAvailable via World Wide Web.nAccess may be limited to ebrary affiliated libraries. 0aHuman rightsxReligious aspects. 0aFreedom of religion. 0aReligion and law. 0aReligion and state. 7aElectronic books.2local2 aebrary, Inc.40uhttp://site.ebrary.com/lib/rucke/Doc?id=10372613zAn electronic book accessible through the World Wide Web; click to view c99070d99070